[Event "NOR-chT Clubs"]
[Site "Drammen"]
[Date "2022.05.26"]
[Round "6"]
[White "Selmer, Thorgrim J"]
[Black "Wister, Finn Arild"]
[Result "1-0"]
[WhiteElo "1519"]
[BlackElo "1380"]
[PlyCount "61"]
[EventDate "2022.05.26"]
[EventType "team-swiss"]
[EventRounds "6"]
[EventCountry "NOR"]
[SourceTitle "EXT 2024"]
[Source "ChessBase"]
[SourceDate "2023.10.10"]
[SourceVersion "1"]
[SourceVersionDate "2023.10.10"]
[SourceQuality "1"]
[WhiteTeam "Konnerud Tempo"]
[BlackTeam "Kirkegata"]
[WhiteTeamCountry "NOR"]
[BlackTeamCountry "NOR"]

1. d4 Nf6 2. Nf3 g6 3. Bf4 d5 4. Ne5 Nbd7 5. e3 Bg7 6. Nd2 0-0 7. c4 dxc4 8. Bxc4 Nxe5 9. Bxe5 Nd7 10. Bg3 c5 11. Nf3 cxd4 12. Nxd4 Nc5 13. 0-0 a6 14. Qc2 e5 15. Ne2 Be6 16. Rad1 Qe7 17. b4 Bxc4 18. Qxc4 Ne6 19. a3 Rad8 20. Nc3 Rxd1 21. Rxd1 Rd8 22. Nd5 Qe8 23. Qb3 Kh8 24. Bh4 Rd7 25. Rc1 Qb8 26. Nb6 Rd6 27. Rc8+ Qxc8 28. Nxc8 Rc6 29. g4 Rxc8 30. Kg2 h6 31. Bg3 1-0

[Event "Drammen Konnerud Autumn-A"]
[Site "Drammen"]
[Date "2020.10.21"]
[Round "12"]
[White "Aure, Anders Nilsson"]
[Black "Selmer, Thorgrim J"]
[Result "1-0"]
[WhiteElo "1740"]
[BlackElo "1586"]
[PlyCount "49"]
[EventDate "2020.08.19"]
[EventType "tourn"]
[EventRounds "13"]
[EventCountry "NOR"]
[SourceTitle "EXT 2024"]
[Source "ChessBase"]
[SourceDate "2023.10.10"]
[SourceVersion "1"]
[SourceVersionDate "2023.10.10"]
[SourceQuality "1"]

1. c4 b6 2. d4 e6 3. e4 Bb7 4. Bd3 d5 5. Nc3 dxc4 6. Bxc4 Nf6 7. f3 Be7 8. Nge2 0-0 9. Be3 c6 10. Qd2 b5 11. Bb3 Nbd7 12. Kf2 Rc8 13. g4 b4 14. Na4 c5 15. g5 cxd4 16. Nxd4 Nh5 17. Nxe6 Qe8 18. Nxf8 Qxf8 19. Qxd7 Bc6 20. Qd2 Qe8 21. Rac1 Rd8 22. Qc2 Rc8 23. Nc5 Bd6 24. Ba4 Qe5 25. Nd3 1-0

[Event "Drammen Konnerud Autumn-A"]
[Site "Drammen"]
[Date "2020.10.14"]
[Round "11"]
[White "Selmer, Thorgrim J"]
[Black "Marthinussen, Emma Viktoria Lia"]
[Result "1/2-1/2"]
[WhiteElo "1586"]
[BlackElo "1436"]
[PlyCount "143"]
[EventDate "2020.08.19"]
[EventType "tourn"]
[EventRounds "13"]
[EventCountry "NOR"]
[SourceTitle "EXT 2024"]
[Source "ChessBase"]
[SourceDate "2023.10.10"]
[SourceVersion "1"]
[SourceVersionDate "2023.10.10"]
[SourceQuality "1"]

1. Nf3 Nf6 2. d4 g6 3. Bf4 Bg7 4. e3 0-0 5. Nbd2 d6 6. Bd3 Nbd7 7. c3 Re8 8. Ne4 Nxe4 9. Bxe4 e5 10. Bg5 Bf6 11. h4 exd4 12. Qc2 dxe3 13. Bxe3 Nc5 14. Bd3 Nxd3+ 15. Qxd3 Bf5 16. Qd2 Be4 17. 0-0-0 Bxf3 18. gxf3 Bxh4 19. Bd4 Bg5 20. f4 Bf6 21. f5 Bxd4 22. cxd4 Qf6 23. Rdg1 Rad8 24. Qf4 d5 25. Qh6 Qg7 26. fxg6 Qxh6+ 27. Rxh6 fxg6 28. f4 Rf8 29. Rgh1 Rd7 30. R6h4 Rdf7 31. Kd2 h5 32. Rg1 Kh7 33. Ke3 Rf5 34. b4 R8f6 35. b5 Rb6 36. Rc1 c6 37. a4 a6 38. bxc6 Rxc6 39. Rxc6 bxc6 40. Rh1 Kh6 41. Rb1 g5 42. fxg5+ Rxg5 43. Rb6 h4 44. Rxa6 h3 45. Rxc6+ Kh5 46. Rc8 Kh4 47. Kf2 Rg2+ 48. Kf3 Rg3+ 49. Kf2 Ra3 50. Rh8+ Kg4 51. Rg8+ Kf4 52. Kg1 Rxa4 53. Kh2 Ra3 54. Rh8 Rf3 55. Rh4+ Ke3 56. Rg4 Rf4 57. Rg3+ Kxd4 58. Kxh3 Ke4 59. Kg2 d4 60. Rg8 Ke3 61. Rg3+ Ke2 62. Rg8 Rf3 63. Ra8 Re3 64. Ra2+ Kd1 65. Kf2 Rc3 66. Ra8 Rc2+ 67. Kf3 d3 68. Ke3 d2 69. Kd3 Kc1 70. Ra1+ Kb2 71. Rd1 Rc3+ 72. Kxd2 1/2-1/2

[Event "Drammen Konnerud Autumn-A"]
[Site "Drammen"]
[Date "2020.09.09"]
[Round "4"]
[White "Selmer, Thorgrim J"]
[Black "Lurdalen, Svein Erik"]
[Result "0-1"]
[WhiteElo "1586"]
[BlackElo "1909"]
[PlyCount "84"]
[EventDate "2020.08.19"]
[EventType "tourn"]
[EventRounds "13"]
[EventCountry "NOR"]
[SourceTitle "EXT 2024"]
[Source "ChessBase"]
[SourceDate "2023.10.10"]
[SourceVersion "1"]
[SourceVersionDate "2023.10.10"]
[SourceQuality "1"]

1. c4 e5 2. Nc3 Nf6 3. g3 d5 4. cxd5 Nxd5 5. Bg2 Nb6 6. Nf3 Nc6 7. d3 Be7 8. 0-0 0-0 9. Be3 Be6 10. a3 f5 11. Qd2 h6 12. h4 a6 13. Bh3 Qd7 14. Bxh6 gxh6 15. Qxh6 Rf6 16. Qe3 Nd5 17. Nxd5 Qxd5 18. Kh2 Nd4 19. Nxe5 Kh7 20. Rac1 Bd6 21. Nc4 f4 22. Qe4+ Qxe4 23. dxe4 fxg3+ 24. fxg3 Bxg3+ 25. Kg2 Bxh4 26. Bxe6 Nxe6 27. Rxf6 Bxf6 28. Rh1+ Kg6 29. Kf2 b5 30. e5 Bg5 31. Na5 Rf8+ 32. Ke1 Nd4 33. Rg1 Re8 34. Rg4 Nc2+ 35. Kf2 Rxe5 36. Nc6 Rf5+ 37. Kg3 Kh5 38. e4 Rf1 39. Ne5 Ne3 40. Rxg5+ Kxg5 41. Nf3+ Rxf3+ 42. Kxf3 Nc4 0-1

[Event "Konnerud CC-ch"]
[Site "Konnerud"]
[Date "2019.01.16"]
[Round "1"]
[White "Selmer, Thorgrim J"]
[Black "Auke, Morthen"]
[Result "1-0"]
[WhiteElo "1606"]
[BlackElo "1270"]
[PlyCount "78"]
[EventDate "2019.01.16"]
[EventType "swiss"]
[EventRounds "9"]
[EventCountry "NOR"]
[SourceTitle "EXT 2024"]
[Source "ChessBase"]
[SourceDate "2023.10.10"]
[SourceVersion "1"]
[SourceVersionDate "2023.10.10"]
[SourceQuality "1"]

1. d4 d6 2. Nf3 Nf6 3. e3 g6 4. Be2 Bg7 5. 0-0 0-0 6. Nbd2 b6 7. b4 Bb7 8. c4 Nbd7 9. Bb2 Re8 10. Qc2 Rc8 11. a4 e6 12. c5 bxc5 13. dxc5 Nb8 14. Rfd1 Qe7 15. Nb3 Rcd8 16. b5 Be4 17. Qc3 dxc5 18. Nxc5 Ba8 19. Qc2 Nbd7 20. Ba3 Nd5 21. Na6 Qf6 22. e4 Nc3 23. e5 Nxe2+ 24. Qxe2 Nxe5 25. Nxc7 Nxf3+ 26. Kh1 Rxd1+ 27. Rxd1 Rc8 28. Nxa8 Rxa8 29. Qxf3 Qxf3 30. gxf3 Bf6 31. Rd7 Kg7 32. Bc5 a6 33. b6 Be5 34. Bd6 Bxd6 35. Rxd6 a5 36. b7 Rb8 37. Rb6 Kf6 38. Kg2 Ke7 39. Kg3 Kd7 1-0

[Event "Konnerud CC-ch"]
[Site "Konnerud"]
[Date "2018.03.21"]
[Round "7"]
[White "Selmer, Thorgrim J"]
[Black "Kvalsvik, Geir"]
[Result "1/2-1/2"]
[WhiteElo "1638"]
[BlackElo "1167"]
[PlyCount "100"]
[EventDate "2018.01.10"]
[EventType "swiss"]
[EventRounds "9"]
[EventCountry "NOR"]
[SourceTitle "EXT 2024"]
[Source "ChessBase"]
[SourceDate "2023.10.10"]
[SourceVersion "1"]
[SourceVersionDate "2023.10.10"]
[SourceQuality "1"]

1. c4 c5 2. Nc3 e6 3. g3 Nf6 4. Bg2 d5 5. cxd5 exd5 6. d4 cxd4 7. Qxd4 Nc6 8. Qd1 Bb4 9. Bd2 0-0 10. e3 Re8 11. Nge2 d4 12. Bxc6 bxc6 13. Na4 Bxd2+ 14. Qxd2 Qd5 15. Rf1 dxe3 16. fxe3 Qxd2+ 17. Kxd2 Ba6 18. Rf3 Rad8+ 19. Ke1 Ng4 20. Nc5 Nxe3 21. Nxa6 Nc2+ 22. Kf2 Nxa1 23. Nb4 Rd2 24. Re3 Rxe3 25. Kxe3 Rxb2 26. Nxc6 Rxa2 27. h4 Nc2+ 28. Kf4 a5 29. Nc3 a4 30. Nxa2 a3 31. Ke5 g6 32. Kf6 h5 33. Ne5 Ne3 34. Nxf7 Kh7 35. Kg5 Ng4 36. Nd6 Ne5 37. Nb5 Nc4 38. Nd4 Ne5 39. Ne6 Nf3+ 40. Kf6 Kh6 41. Nc3 Nh2 42. Nf4 Ng4+ 43. Kf7 g5 44. hxg5+ Kxg5 45. Ke6 Ne3 46. Nxh5 Kxh5 47. Ke5 Nf1 48. Kd4 Nxg3 49. Kc4 Ne2 50. Kb3 Nxc3 1/2-1/2

[Event "Konnerud CC-ch"]
[Site "Konnerud"]
[Date "2018.02.21"]
[Round "5"]
[White "Selmer, Thorgrim J"]
[Black "Bjorklund, Torfinn"]
[Result "1-0"]
[WhiteElo "1638"]
[BlackElo "1406"]
[PlyCount "55"]
[EventDate "2018.01.10"]
[EventType "swiss"]
[EventRounds "9"]
[EventCountry "NOR"]
[SourceTitle "EXT 2024"]
[Source "ChessBase"]
[SourceDate "2023.10.10"]
[SourceVersion "1"]
[SourceVersionDate "2023.10.10"]
[SourceQuality "1"]

1. c4 e5 2. Nc3 Nc6 3. b3 Nf6 4. Bb2 b6 5. g3 Bb7 6. Bg2 Rb8 7. e4 Bc5 8. Nge2 a6 9. 0-0 0-0 10. Nd5 Nxd5 11. cxd5 Nd4 12. Nxd4 exd4 13. a3 Qf6 14. b4 Bd6 15. Re1 Rfe8 16. Qg4 c5 17. f4 Qg6 18. Qxd7 Re7 19. Qh3 Bc8 20. Qh4 f6 21. d3 Bd7 22. Bh3 Bxh3 23. Qxh3 Bxf4 24. Bc1 Be5 25. Rb1 Reb7 26. bxc5 bxc5 27. Rxb7 Rxb7 28. Qc8+ 1-0

[Event "Konnerud Autumn"]
[Site "Konnerud"]
[Date "2017.11.08"]
[Round "7"]
[White "Selmer, Thorgrim J"]
[Black "Stenseng, Benjamin"]
[Result "1-0"]
[WhiteElo "1647"]
[BlackElo "1171"]
[PlyCount "33"]
[EventDate "2017.09.20"]
[EventType "swiss"]
[EventRounds "9"]
[EventCountry "NOR"]
[SourceTitle "EXT 2024"]
[Source "ChessBase"]
[SourceDate "2023.10.10"]
[SourceVersion "1"]
[SourceVersionDate "2023.10.10"]
[SourceQuality "1"]

1. c4 f5 2. d4 Nf6 3. Nc3 e6 4. g3 Be7 5. Bg2 c6 6. e4 fxe4 7. Nxe4 0-0 8. Ne2 d5 9. Ng5 Ng4 10. Nh3 Nd7 11. Nef4 Ndf6 12. Ng5 Qb6 13. 0-0 e5 14. dxe5 Nxe5 15. cxd5 Bg4 16. Qc2 Nxd5 17. Qxh7# 1-0

[Event "Drammen Autumn"]
[Site "Drammen"]
[Date "2010.11.30"]
[Round "9"]
[White "Selmer, Thorgrim J"]
[Black "Sorensen, Idar"]
[Result "0-1"]
[WhiteElo "1416"]
[BlackElo "1193"]
[PlyCount "56"]
[EventDate "2010.09.07"]
[EventType "swiss"]
[EventRounds "9"]
[EventCountry "NOR"]
[SourceTitle "EXT 2024"]
[Source "ChessBase"]
[SourceDate "2023.10.10"]
[SourceVersion "1"]
[SourceVersionDate "2023.10.10"]
[SourceQuality "1"]

1. c4 e5 2. g3 Nf6 3. Bg2 c6 4. Nc3 Be7 5. d4 exd4 6. Qxd4 c5 7. Qe5 d6 8. Qg5 Ne4 9. Qxg7 Bf6 10. Qh6 Nxc3 11. Qe3+ Qe7 12. Qxe7+ Kxe7 13. Nh3 Na4 14. Nf4 Nb6 15. 0-0 Be6 16. Nxe6 fxe6 17. Bxb7 N8d7 18. Bxa8 Rxa8 19. Rb1 Nxc4 20. b3 Nce5 21. f4 Nc6 22. Kg2 a5 23. Bb2 Nb4 24. a3 Nd5 25. Rf3 e5 26. Rd1 e4 27. Bxf6+ N7xf6 28. Rxd5 exf3+ 0-1

[Event "Drammen Autumn"]
[Site "Drammen"]
[Date "2010.10.05"]
[Round "4"]
[White "Ugland, Torge"]
[Black "Selmer, Thorgrim J"]
[Result "0-1"]
[WhiteElo "1409"]
[BlackElo "1416"]
[PlyCount "79"]
[EventDate "2010.09.07"]
[EventType "swiss"]
[EventRounds "9"]
[EventCountry "NOR"]
[SourceTitle "EXT 2024"]
[Source "ChessBase"]
[SourceDate "2023.10.10"]
[SourceVersion "1"]
[SourceVersionDate "2023.10.10"]
[SourceQuality "1"]

1. e4 c5 2. Nf3 d6 3. Bb5+ Bd7 4. Bxd7+ Nxd7 5. 0-0 g6 6. d3 Bg7 7. c4 Qb6 8. Nc3 e6 9. Qc2 Ne7 10. Rb1 Nc6 11. a3 Nde5 12. Nxe5 Bxe5 13. Ne2 Qc7 14. f4 Nd4 15. Nxd4 Bxd4+ 16. Kh1 0-0-0 17. b4 b6 18. Bb2 Bxb2 19. Qxb2 f5 20. Qf6 Rde8 21. Qb2 Rhf8 22. Rbe1 Qd7 23. b5 Re7 24. Qd2 Rfe8 25. a4 fxe4 26. dxe4 d5 27. exd5 exd5 28. Rxe7 Rxe7 29. cxd5 Re4 30. Qc2 Qxd5 31. h3 Qf5 32. g4 Qd5 33. Kh2 Rd4 34. Rf2 c4 35. f5 Qe5+ 36. Kg2 Qd5+ 37. Kh2 Rd1 38. f6 Rh1+ 39. Kg3 Qe5+ 40. Kh4 0-1

[Event "Drammen Autumn"]
[Site "Drammen"]
[Date "2010.09.07"]
[Round "1"]
[White "Selmer, Thorgrim J"]
[Black "Jorgensen, Terje"]
[Result "1-0"]
[WhiteElo "1416"]
[BlackElo "674"]
[PlyCount "43"]
[EventDate "2010.09.07"]
[EventType "swiss"]
[EventRounds "9"]
[EventCountry "NOR"]
[SourceTitle "EXT 2024"]
[Source "ChessBase"]
[SourceDate "2023.10.10"]
[SourceVersion "1"]
[SourceVersionDate "2023.10.10"]
[SourceQuality "1"]

1. e4 c5 2. Nf3 d6 3. d4 cxd4 4. Nxd4 e5 5. Nb3 Nf6 6. Nc3 Nc6 7. h3 a6 8. f4 Be7 9. g4 0-0 10. g5 Nd7 11. Nd5 Nc5 12. Qf3 exf4 13. Nxe7+ Qxe7 14. Bd3 b6 15. Bxf4 Bb7 16. 0-0-0 Ne5 17. Bxe5 Qxe5 18. Nxc5 Qxg5+ 19. Kb1 Qxc5 20. Rhg1 Rad8 21. Rxg7+ Kh8 22. Rdg1 1-0

[Event "Drammen Autumn"]
[Site "Drammen"]
[Date "2010.09.07"]
[Round "5"]
[White "Selmer, Thorgrim J"]
[Black "Stillum, Erik"]
[Result "0-1"]
[WhiteElo "1416"]
[BlackElo "1574"]
[PlyCount "94"]
[EventDate "2010.09.07"]
[EventType "swiss"]
[EventRounds "9"]
[EventCountry "NOR"]
[SourceTitle "EXT 2024"]
[Source "ChessBase"]
[SourceDate "2023.10.10"]
[SourceVersion "1"]
[SourceVersionDate "2023.10.10"]
[SourceQuality "1"]

1. e4 e6 2. d4 d5 3. Nc3 dxe4 4. Nxe4 Nd7 5. Nf3 Ngf6 6. Bd3 Nxe4 7. Bxe4 Nf6 8. Bg5 Be7 9. Bxf6 Bxf6 10. c3 0-0 11. Qb3 Qe7 12. 0-0 c6 13. Rfe1 Qc7 14. Rad1 b6 15. Qc4 Bb7 16. d5 exd5 17. Rxd5 Ba6 18. Bxh7+ Kxh7 19. Rh5+ Kg8 20. Qxa6 Rfe8 21. Qd3 g6 22. Rxe8+ Rxe8 23. Rh3 Rd8 24. Qe2 Qd7 25. Kf1 Qf5 26. Ne1 Kf8 27. Rf3 Qg5 28. Qe3 Qb5+ 29. Nd3 Bg5 30. Qe4 a5 31. a4 Qb3 32. Qxg6 Bd2 33. Ke2 Bc1 34. Kf1 Qd1+ 35. Ne1 Qxf3 36. Qc2 Qd1 37. Qh7 Re8 38. Qh8+ Ke7 39. Qe5+ Kd7 40. Qf5+ Kd8 41. Qf6+ Kc7 42. Qxf7+ Qd7 43. Qh5 Bxb2 44. f4 Bxc3 45. Nc2 Qd3+ 46. Kg1 Bd4+ 47. Nxd4 Re1+ 0-1

[Event "Oslo ASKO op"]
[Site "Oslo"]
[Date "2009.01.23"]
[Round "3"]
[White "Thingstad, Tormod"]
[Black "Selmer, Thorgrim J"]
[Result "0-1"]
[WhiteElo "949"]
[BlackElo "1395"]
[PlyCount "36"]
[EventDate "2009.01.23"]
[EventType "swiss"]
[EventRounds "5"]
[EventCountry "NOR"]
[SourceTitle "EXT 2011"]
[Source "ChessBase"]
[SourceDate "2010.11.26"]
[SourceVersion "1"]
[SourceVersionDate "2010.11.26"]
[SourceQuality "1"]

1. c4 Nf6 2. Nc3 g6 3. g3 Bg7 4. Bg2 0-0 5. Nf3 Re8 6. 0-0 c5 7. d3 Nc6 8. Rb1 b6 9. Ne5 Bb7 10. Bf4 Qc8 11. Nd5 Nxd5 12. Bxd5 Nxe5 13. Bxb7 Qxb7 14. e3 Nf3+ 15. Kg2 Nh4+ 16. Kh3 Qg2+ 17. Kxh4 Qxh2+ 18. Kg4 Qh5# 0-1